000 00730aas a2200229 4500
999 _c1722
_d1722
003 BR-BrBNA
005 20230317233306.0
007 ta
008 230119b bl ||||| |||| 00| 0 por d
035 _a000485-5
040 _aBR-BrBNA
_bPor
_cBR-BrBNA
042 _a002220-9
044 _abl
245 _aAgrirrural. Boletim Informativo do Serviço de Economia (Brazil)
260 _aRio de Janeiro-RJ
_bMinistério da Agricultura
_c1957. Data final de publicação em 1968
_eBRJ
270 _aEd. da Pesca - 3º andar - Praça - 15 de Novembro
310 _amensal
505 _a1957-67 1-10(2-117); 1968 11(118,129);
650 1 2 _gAGRICULTURA; ECONOMIA AGRICOLA; PRODUCAO AGRICOLA
909 _a56
_bSergio Santos
_c56
_dSergio Santos
942 _cCR
_2AGRIS